| 000 | 00891nam a2200217 a 4500 | ||
|---|---|---|---|
| 001 | 000378592 | ||
| 003 | AM-YeHGA | ||
| 005 | 20250618072312.0 | ||
| 008 | 041108s1990 ai 000 | arm d | ||
| 020 | _z5-8677-02770-0 | ||
| 040 | _aAM-YeHGA | ||
| 041 | 0 | _aarm | |
| 100 | 1 |
_aԱմիրխանյան, Օֆելյա Սերգոյի, _d1939- _94078 |
|
| 245 | 1 | 0 |
_aՁնծաղիկն ու փուշը : _bՀեքիաթներ / _cՕֆ.Ս. Ամիրխանյան; Խմբ.՝ Հ.Վ. Վարդանյան; Նկ.՝ Ս.Ե. Լաճիկյան. |
| 260 |
_aԵրևան : _bԱրևիկ, _c1990. |
||
| 300 |
_a28 էջ : _bգուն. նկ. ; _c16 սմ. |
||
| 650 | 1 | 4 |
_aՀայ մանկական գրականություն _xՀեքիաթ |
| 700 | 1 |
_aՎարդանյան, Հայկ Վարդանի, _d1926- _eխմբ. _4edt |
|
| 700 | 1 |
_aԼաճիկյան, Սամվել Երվանդի, _d1953- _eնկ. _4art _93582 |
|
| 090 | _c146115 | ||
| 999 |
_c144731 _d144731 |
||